Quiz Wiedzy o Ekstraklasie #3 - Statystyki

Ogólne statystyki
  • Ten quiz został rozwiązany 298 razy
  • Średni wynik to 5 z 10
Statystyki odpowiedzi
Hint Odpowiedź % Poprawnych
Ile razy ŁKS Łódź wygrał najwyższą klasę rozgrywkową w Polsce? 2
92%
Do jakiego klubu odszedł Łukasz Fabiański z Legii Warszawa w sezonie 2007/2008? Arsenal Londyn
76%
Kto był bohaterem najdroższego transfery z Ekstraklasy? Jan Bednarek
54%
Podaj dwóch beniaminków Ekstraklasy w sezonie 2018/2019. Miedź Legnica, Zagłębie Sosnowiec
54%
Kto był królem strzelców Ekstraklasy w sezonie 2015/2016? Nemanja Nikolić
54%
Jaka jest wartość rynkowa Piasta Gliwice? (podaj w milionach) 6,8mln€
53%
Jaka była poprzednia nazwa Ekstraklasy? Liga Piłki Nożnej
49%
Kto jest organizatorem rozgrywek? Ekstraklasa SA
20%
Kto jest przewodniczącym Rady Nadzorczej? Karol Klimczak
4%
Jaka jest wartość rynkowa Ekstraklasy? (podaj w milionach) 178,20mln€
3%
Nie znaleziono quizów pasujących do podanych kryteriów
Rozkład punktacji
Procent ludzi z każdym wynikiem
Percentyl według liczby udzielonych odpowiedzi
Twoja historia wyników
Nie rozwiązałeś tego quizu